A first course in differential equations with applications.
Gardado en:
| Autor Principal: | |
|---|---|
| Formato: | Libro |
| Idioma: | inglés |
| Publicado: |
Boston, USA:
Prindle, Weber & Schmidt,
1986.
|
| Edición: | Third Edition. |
| Subjects: | |
| Tags: |
Engadir etiqueta
Sen Etiquetas, Sexa o primeiro en etiquetar este rexistro!
|
MARC
| LEADER | 00000pam a2200000 a 4500 | ||
|---|---|---|---|
| 001 | 4278938 | ||
| 003 | CL-VaPUC | ||
| 005 | 20250401153014.0 | ||
| 008 | 851022s1986 maua 001 0 eng | ||
| 999 | |c 447660 |d 447658 | ||
| 010 | |a 85025703 | ||
| 020 | |a 0-87150-928-8 | ||
| 040 | |a DLC |c Pontificia Universidad Católica de Valparaíso |d DLC | ||
| 050 | 0 | 0 | |a QA372 |b .Z54 1986 |
| 082 | 0 | 0 | |a 515.35 ZIL 1986 |2 19 |
| 100 | 1 | |a Zill, Dennis G., |d 1940- |e author |9 897549 | |
| 245 | 1 | 2 | |a A first course in differential equations with applications. |
| 250 | |a Third Edition. | ||
| 260 | |a Boston, USA: |b Prindle, Weber & Schmidt, |c 1986. | ||
| 300 | |a xiii, 520 páginas : |b ilustraciones. | ||
| 500 | |a c.1. Donación Prof. Carlos Vásquez MEMO Biblioteca Matemática Nº01- 20-1-2025. | ||
| 583 | |c 20250325 |k GC | ||
| 650 | 0 | |a Ecuaciones diferenciales |9 260083 | |
| 942 | |2 ddc |c BK | ||
| 952 | |0 0 |1 0 |2 ddc |4 0 |6 515_350000000000000_ZIL_1986 |7 0 |8 A |9 601891 |a BIBMAT |b BIBMAT |d 2025-03-25 |e Donación |i 5666768 |o 515.35 ZIL 1986 |p 5666768 |r 2025-03-25 |t 1 |w 2025-03-25 |y BK |k MAT | ||